00655 2200217 4500001002100000005001500021035002000036007000300056008004100059020002200100082001100122084001700133100003100150245008800181250000600269260003600275300004700311700003300358650002900391990001700420INLIS00000000000114920260518092717 a0010-0923000134ta260518 j 0 ind  a978-602-8798-50-1 a2x4.12 a2x4.12 ANN m0 aAnna Fauziah ( Pengarang )1 aMiracles of Quran :bMiracles of Shalat /cAnna Fauziah; editor,Helmi Ghulam Faizi a- aJakarta :bPustaka Lebah,c2013 a39 :bilus. ;gambar berwarna ;c28.5 cme-1 aHelmi Ghulam Faizi (Editor ) 4aIslam - cerita anak anak a00066/R/2014